| 000 | 00543nam a2200181Ia 4500 | ||
|---|---|---|---|
| 999 |
_c49176 _d49176 |
||
| 003 | GCL | ||
| 005 | 20240530104617.0 | ||
| 008 | 140319s9999 xx 000 0 ara d | ||
| 040 |
_aGCL / _cGCL |
||
| 082 | 0 | 4 |
_a221.3 _bع ت |
| 100 | 1 | _aعبدالحميد كشك | |
| 245 | 1 | 0 |
_aتفسير كلمات القران / _cعادل ابوالمعاطى |
| 260 |
_a[S.N] : _bالروضة للنشر والتوزيع |
||
| 650 | 0 | 4 | _aمعاجم القران |
| 650 | 0 | 4 | _aالقران |
| 700 | 1 | _aعادل ابوالمعاطى | |
| 942 |
_2ddc _cBK |
||